El mundo del trabajo y la pobreza en Costa Rica /

Shranjeno v:
Bibliografske podrobnosti
Glavni avtor: Sauma, Pablo
Format: Texto
Oznake: Označite
Brez oznak, prvi označite!

MARC

LEADER 00000 a a2200000 04500
001 47729
003
040
100 |a Sauma, Pablo  
245 |a El mundo del trabajo y la pobreza en Costa Rica /  |c Pablo Sauma  
773 |g páginas 123-128 : gráfico  
999 |c 33662  |d 33662